Majetok výrobného podniku a jeho triedenie bakalárska práca

Gespeichert in:
Bibliographische Detailangaben
1. Verfasser: Poliaková, Katarína
Körperschaft: Fakulta hospodárskej informatiky EU. Katedra účtovníctva a audítorstva
Weitere Verfasser: Meluchová, Jitka, 1965-
Format: Buch
Sprache:Slowakisch
Veröffentlicht: Bratislava 2019
Tags: Tag hinzufügen
Keine Tags, Fügen Sie das erste Tag hinzu!

MARC

LEADER 00000nbm a2200000 4500
001 0255917
005 20191219121651.7
041 0 |a slo 
044 |a SK 
245 1 0 |a Majetok výrobného podniku a jeho triedenie  |b bakalárska práca  |c Katarína Poliaková ; školiteľ: Jitka Meluchová 
264 1 |a Bratislava  |c 2019 
300 |a 46 s. 
100 1 |a Poliaková, Katarína 
700 1 |a Meluchová, Jitka, 1965- 
710 2 |a Fakulta hospodárskej informatiky EU. Katedra účtovníctva a audítorstva